European Green Capitals - Statistics

General Stats
  • This quiz has been taken 23 times
  • The average score is 7 of 16
Answer Stats
Year Answer % Correct
2019 Oslo
100%
2010 Stockholm
93%
2014 Copenhagen
87%
2020 Lisbon
80%
2016 Ljubljana
73%
2022 finalist candidate Tallinn
73%
2011 Hamburg
53%
2022 finalist candidate Dijon
27%
2013 Nantes
20%
2022 finalist candidate Turin
20%
2017 Essen
13%
2015 Bristol
7%
2022 finalist candidate Grenoble
7%
2021 Lahti
7%
2018 Nijmegen
7%
2012 Vitoria-Gasteiz
7%
No matching quizzes found
Score Distribution
Percent of People with Each Score
Percentile by Number Answered
Your Score History
You have not taken this quiz